<?xml version="1.0" encoding="UTF-8"?>
<collection xmlns:xsi="http://www.w3.org/2001/XMLSchema-instance" xsi:schemaLocation="http://www.loc.gov/MARC21/slim http://www.loc.gov/standards/marcxml/schema/MARC21slim.xsd" xmlns="http://www.loc.gov/MARC21/slim">
 <record>
  <leader>00000cam a22000004i 4500</leader>
  <controlfield tag="001">UP-1685594773861296629</controlfield>
  <controlfield tag="003">Buklod</controlfield>
  <controlfield tag="005">20240524110245.0</controlfield>
  <controlfield tag="006">i|||||||||||||| | </controlfield>
  <controlfield tag="007">ta</controlfield>
  <controlfield tag="008">240524s2002    nyua    rb   |001 0|eng d</controlfield>
  <datafield tag="020" ind1=" " ind2=" ">
   <subfield code="a">0814797903 (cloth)</subfield>
  </datafield>
  <datafield tag="020" ind1=" " ind2=" ">
   <subfield code="a">0814797911 (paperback)</subfield>
  </datafield>
  <datafield tag="035" ind1=" " ind2=" ">
   <subfield code="a">(iLib)UPBAG-00000016343</subfield>
  </datafield>
  <datafield tag="037" ind1=" " ind2=" ">
   <subfield code="a">BC-46061</subfield>
   <subfield code="c">Php1,665.00</subfield>
  </datafield>
  <datafield tag="037" ind1=" " ind2=" ">
   <subfield code="a">BG-13373</subfield>
   <subfield code="b">Gift-Dr. David B. Baradas</subfield>
  </datafield>
  <datafield tag="040" ind1=" " ind2=" ">
   <subfield code="a">DLC</subfield>
   <subfield code="d">BAG</subfield>
   <subfield code="e">rda</subfield>
  </datafield>
  <datafield tag="041" ind1="0" ind2=" ">
   <subfield code="a">eng</subfield>
  </datafield>
  <datafield tag="090" ind1=" " ind2="0">
   <subfield code="a">DS 682 A1</subfield>
   <subfield code="b">V47</subfield>
  </datafield>
  <datafield tag="245" ind1="0" ind2="0">
   <subfield code="a">Vestiges of war</subfield>
   <subfield code="b">the Philippine-American War and the aftermath of an imperial dream, 1899-1999</subfield>
   <subfield code="c">edited by Angel Velasco Shaw and Luis H. Francia.</subfield>
  </datafield>
  <datafield tag="246" ind1="3" ind2="0">
   <subfield code="a">The Philippine-American War and the aftermath of an imperial dream, 1899-1999</subfield>
  </datafield>
  <datafield tag="264" ind1=" " ind2="1">
   <subfield code="a">New York</subfield>
   <subfield code="b">New York University Press</subfield>
   <subfield code="c">[2002]</subfield>
  </datafield>
  <datafield tag="300" ind1=" " ind2=" ">
   <subfield code="a">xxviii, 468 pages</subfield>
   <subfield code="b">illustrations (some color)</subfield>
   <subfield code="c">28 cm</subfield>
  </datafield>
  <datafield tag="336" ind1=" " ind2=" ">
   <subfield code="a">text</subfield>
   <subfield code="2">rdacontent</subfield>
  </datafield>
  <datafield tag="337" ind1=" " ind2=" ">
   <subfield code="a">unmediated</subfield>
   <subfield code="2">rdamedia</subfield>
  </datafield>
  <datafield tag="338" ind1=" " ind2=" ">
   <subfield code="a">volume</subfield>
   <subfield code="2">rdacarrier</subfield>
  </datafield>
  <datafield tag="500" ind1=" " ind2=" ">
   <subfield code="a">&quot;A project of Asian/Pacific/American Studies, New York University.&quot;</subfield>
  </datafield>
  <datafield tag="504" ind1=" " ind2=" ">
   <subfield code="a">Includes bibliographical references and index.</subfield>
  </datafield>
  <datafield tag="505" ind1="0" ind2=" ">
   <subfield code="a">INTRODUCTIONS: Exquisite Betrayal / Angel Velasco Shaw -- Excised from the Rind of Things / Luis H. Francia.&#13;
&#13;
THE OBJECT OF THE COLONIAL DESIRE: A Philippine History Lesson / Alfrredo Navarro Salanga -- The Philippine-American War: Friendship and Forgetting / Reynaldo C. Ileto -- Uneasy Observers: Germans and the Philippine-American War / Wigan Salazar -- Mark Twain's Anti-Imperialist Writings in the &quot;American Century&quot; / Jim Zwick -- To the Person Sitting in Darkness / Mark Twain -- Visual Essay: Philippine Photo Album / Bencab&#13;
Visual Essay: Daantaon/A Century / Antipas Delotavo -- Visual Essay: The Testament of the Motherland or Panahon ng Mga Amerikano/American Period / Brenda Fajardo -- The Hills Are Still There / Resil Mojares.&#13;
&#13;
BODY COUNT: THE WAR AND ITS CONSEQUENCES: 4 February / Alfrredo Navarro Salanga -- An American Colonial State: Authority and Structure in Southern Mindanao / Patricio Abinales -- Fagen and Other Ghosts: African-Americans and the Philippine-American War / Rene G. Ontal -- Casualty Figures of the American Soldier and the Other: Post-1898 Allegories of Imperial Nation-Building as &quot;Love and War&quot; / Oscar V. Campomanes -- Racism and Intervention in the Third World, Past and Present / Daniel Boone Schirmer -- The Miseducation of the Filipino / Renato Constantino -- From Colonizer to Liberator: How U.S. Colonialism Succeeded in Reinventing Itself After the Pacific War / Bienvenido Lumbera.&#13;
&#13;
LOOKING THE OTHER WAY: THE CULTURAL FALL OUT: 5 February / Alfrredo Navarro Salanga -- Baguio Between Two Wars: The Creation and Destruction of a Summer Capital / Erlyn Ruth Alcantara -- Imperialist Fictions: The Filipino in the Imperialist Imaginary / Nick Deocampo&#13;
Food and War / Doreen G. Fernandez -- English Is Your Mother Tongue/Ang Ingles Ay ang tongue ng Ina Mo / Eric Gamalinda -- Baguio Graffiti / Santiago Bose -- Visual Essay: Pagmulat/Awakening / Genara Banzon -- Visual Essay: Lumayo Kayo at Magparami/Go Forth and Mulitply / Alwin Reamillo.&#13;
&#13;
VIEW FROM THE DIASPORA: 10 February and 16 February / Alfrredo Navarro Salanga -- Quod Nomen Mihi Est? Excerpts From a Conversation With Satan / Paul Pfeiffer -- Kindred Distance / Yong Soon Min -- The Hairy Hand / Nguyen Qui Duc -- Notes From the Other Cartography / Guillermo Gomez-Pena -- Poppy's House: History, Pop Culture, and the Reevaluation of a Filipino-American &quot;Sixty-Cents&quot; in Guam / Vicente Diaz -- Visual Essay: Home Is Where You Are / Emilio Ganot -- Scenes From the Play, Dageaters / Jessica Hagedorn -- Five Poems / Luis H. Francia -- Dust Memories / Dionisio Velasco.&#13;
&#13;
THE PAST MEETS THE PRESENT: 20 February / Alfrredo Navarro Salanga -- Parricides, Bastards and Counterrevolution: Refections on the Philippine Centennial / Vicente L. Rafael -- An Open Wound: Colonial Melancholia and Contemporary Filipino/American Texts / Sarita Echavez See -- Excerpts from Umbilical Cord / Angel Velasco Shaw -- Visual Essay: Maidens in the Philippines / Christina Quisumbing Ramilo -- Visual Essay: Colonizado / Mariano Del Rosorio -- Visual Essay: Manananggal, No Es Una Virgen / Manuel Ocampo -- Visual Essay: The Labyrinth / Roberto Villanuevo.&#13;
&#13;
AFTERWORD: The Secret Archives / John Kuo Wei Tehen.</subfield>
  </datafield>
  <datafield tag="520" ind1=" " ind2=" ">
   <subfield code="a">U.S. intervention in the Philippines began with the little-known 1899 Philippine-American War. Using the war as its departure point in analyzing U.S.—Philippine relations, Vestiges of War retrieves this willfully forgotten event and places it where it properly belongs—as the catalyst that led to increasing U.S. interventionism and expansionism in the Asia Pacific region. This seminal, multidisciplinary anthology examines the official American nationalist story of &quot;benevolent assimilation&quot; and fraternal tutelage in its half-century of colonial occupation of the Philippines.&#13;
Integrating critical and visual art essays, archival and contemporary photographs, dramatic plays, and poetry to address the complex Philippine and U.S. perspectives and experiences, the essayists compellingly recount the consequences of American colonialism in the Philippines. Vestiges of War will force readers to reshape their views on what has been a deliberately obscure but significant phase in the histories of both countries, one which continues to haunt the present.</subfield>
  </datafield>
  <datafield tag="651" ind1=" " ind2="0">
   <subfield code="a">Philippines</subfield>
   <subfield code="x">History</subfield>
   <subfield code="y">Philippine American War, 1899-1902.</subfield>
  </datafield>
  <datafield tag="651" ind1=" " ind2="0">
   <subfield code="a">Philippines</subfield>
   <subfield code="x">Foreign relations</subfield>
   <subfield code="z">United States.</subfield>
  </datafield>
  <datafield tag="651" ind1=" " ind2="0">
   <subfield code="a">United States</subfield>
   <subfield code="x">Foreign relations</subfield>
   <subfield code="z">Philippines.</subfield>
  </datafield>
  <datafield tag="651" ind1=" " ind2="0">
   <subfield code="a">United States</subfield>
   <subfield code="x">Politics and government</subfield>
   <subfield code="y">20th century.</subfield>
  </datafield>
  <datafield tag="700" ind1="1" ind2=" ">
   <subfield code="a">Shaw, Angel Velasco</subfield>
   <subfield code="e">editor.</subfield>
  </datafield>
  <datafield tag="700" ind1="1" ind2=" ">
   <subfield code="a">Francia, Luis</subfield>
   <subfield code="d">1945-</subfield>
   <subfield code="e">editor.</subfield>
  </datafield>
  <datafield tag="905" ind1=" " ind2=" ">
   <subfield code="a">FI</subfield>
  </datafield>
  <datafield tag="852" ind1="0" ind2=" ">
   <subfield code="a">UPBAG</subfield>
   <subfield code="b">UPBAG-MAIN</subfield>
   <subfield code="h">DS 682 A1 V47</subfield>
  </datafield>
  <datafield tag="852" ind1="0" ind2=" ">
   <subfield code="a">UPBAG</subfield>
   <subfield code="b">UPBAG-MAIN</subfield>
   <subfield code="h">DS 682 A1 V47</subfield>
  </datafield>
  <datafield tag="942" ind1=" " ind2=" ">
   <subfield code="a">Book</subfield>
  </datafield>
 </record>
</collection>
